| 000 | 01261nam a2200349 i 4500 | ||
|---|---|---|---|
| 001 | 192074 | ||
| 003 | ES-MaACL | ||
| 005 | 20250826063151.0 | ||
| 008 | 221103s2019 sp a | |||| 001 0bspa | ||
| 017 |
_aB 12029-2019 _bOficina Depósito Legal Barcelona |
||
| 020 | _a978-84-9199-114-4 | ||
| 040 | _cES-MaACL | ||
| 080 | _a929 Latorre Roca, Rafael | ||
| 080 | _a94(460)"1936/39" | ||
| 100 | 1 |
_aClaret Miranda, Jaume. _9137497 _eaut |
|
| 245 | 1 | 0 |
_aGanar la guerra, perder la paz : _bmemorias del general Latorre Roca / _cJaume Claret ; [prólogo de Ángel Viñas] |
| 250 | _a1ª ed. | ||
| 264 | 1 |
_aBarcelona : _bCrítica, _c2019. |
|
| 300 |
_a318 páginas : _bilustraciones (blanco y negro) ; _c24 cm. |
||
| 490 | 1 | _aContrastes | |
| 500 | _aÍndice onomástico | ||
| 504 | _aReferencias bibliográficas. | ||
| 600 | 1 | 4 |
_aLatorre Roca, Rafael. _970542 |
| 651 | 4 |
_aEspaña- _xHistoria- _y1936-1939, Guerra civil. _98292 |
|
| 655 | 0 |
_aBiografías _9176647 |
|
| 700 | 1 |
_9115369 _aViñas, Ángel, _d1941- _eaui |
|
| 830 | 1 |
_aContrastes _9193502 |
|
| 852 | 4 |
_aES-MaACL _9199356 _jN-8038 _bR.152754 _cDEPOJ _hDonación: Editorial _xEncuadernación: cartoné |
|
| 942 |
_cMONOGRAFIA _n0 |
||
| 999 |
_c192074 _d192074 |
||